{"text_format":"3","workbook":"xlsx","n_sheets":6,"sheets":["Sheet1","Sheet2","Sheet3","Sheet4","Sheet5","Sheet6"],"read":"whole","date_system":"1900"}

{"sheet":"Sheet1","index":0,"n_rows":17,"n_cols":8,"rows_kept":17,"merged":[[0,0,0,7],[1,0,1,7],[2,0,2,7],[3,0,4,0],[3,1,4,1],[3,2,4,2],[3,3,4,3],[3,4,4,4],[3,5,4,5],[3,6,3,7],[5,0,15,0],[5,1,15,1],[16,0,16,7]]}
["公开询价报价表"]
["单位： 莆田市园林物业有限公司                    "]
["询  价  情  况"]
["序号","被询价单位及\n联系人、联系电话","物资名称","规格或型号","单位","数量","金额（元，含税、运费）"]
[{"$nulls":6},"单价      ","总价     "]
[1,null,"配线","RVV-2*4","米",4170,{"v":3,"d":"3.000"},{"$f":"F6*G6","v":12510}]
[null,null,"配线","YJV-3*4","米",8175,{"v":9.4,"d":"9.400"},{"$f":"F7*G7","v":76845}]
[null,null,"开关电源","24v","个",722,{"v":43,"d":"43.000"},31046]
[null,null,"线管","DN25，PC塑料管","个",12000,{"v":2,"d":"2.000"},24000]
[null,null,"PVC给水弯头","直径25","个",1500,{"v":0.5,"d":"0.500"},750]
[null,null,"黑胶布","常规，电胶布","圈",1000,{"v":1,"d":"1.000"},1000]
[null,null,"超五类网络线","超五类非屏蔽网络线","米",800,{"v":1.5,"d":"1.500"},1200]
[null,null,"接线盒","86明装接线盒","个",500,{"v":1,"d":"1.000"},500]
[null,null,"塑料膨胀","6厘塑料膨胀","个",15000,{"v":0.02,"d":"0.020"},300]
[null,null,"pvc中卡","25PVC中卡","个",20000,{"v":0.2,"d":"0.200"},4000]
[null,null,"自攻螺丝","35*35自攻螺丝","个",50000,{"v":0.01,"d":"0.010"},500]
["合计：         元（含税、运费）"]

{"sheet":"Sheet2","index":1,"n_rows":17,"n_cols":8,"rows_kept":17,"merged":[[0,0,0,7],[1,0,1,7],[2,0,2,7],[3,0,4,0],[3,1,4,1],[3,2,4,2],[3,3,4,3],[3,4,4,4],[3,5,4,5],[3,6,3,7],[5,0,15,0],[5,1,15,1],[16,0,16,7]]}
["公开询价报价表"]
["单位： 莆田市园林物业有限公司                    "]
["询  价  情  况"]
["序号","被询价单位及\n联系人、联系电话","物资名称","规格或型号","单位","数量","金额（元，含税、运费）"]
[{"$nulls":6},"单价      ","总价     "]
[1,null,"配线","RVV-2*4","米",4170,{"v":5.4,"d":"5.400"},{"$f":"F6*G6","v":22518}]
[null,null,"配线","YJV-3*4","米",8175,{"v":8.2,"d":"8.200"},67035]
[null,null,"开关电源","24v","个",722,{"v":44,"d":"44.000"},31768]
[null,null,"线管","DN25，PC塑料管","个",12000,{"v":2,"d":"2.000"},24000]
[null,null,"PVC给水弯头","直径25","个",1500,{"v":0.5,"d":"0.500"},750]
[null,null,"黑胶布","常规，电胶布","圈",1000,{"v":1.03,"d":"1.030"},1030]
[null,null,"超五类网络线","超五类非屏蔽网络线","米",800,{"v":1.65,"d":"1.650"},1320]
[null,null,"接线盒","86明装接线盒","个",500,{"v":0.8,"d":"0.800"},400]
[null,null,"塑料膨胀","6厘塑料膨胀","个",15000,{"v":0.02,"d":"0.020"},300]
[null,null,"pvc中卡","25PVC中卡","个",20000,{"v":0.2,"d":"0.200"},4000]
[null,null,"自攻螺丝","35*35自攻螺丝","个",50000,{"v":0.03,"d":"0.030"},1500]
["合计：         元（含税、运费）"]

{"sheet":"Sheet3","index":2,"n_rows":17,"n_cols":8,"rows_kept":17,"merged":[[0,0,0,7],[1,0,1,7],[2,0,2,7],[3,0,4,0],[3,1,4,1],[3,2,4,2],[3,3,4,3],[3,4,4,4],[3,5,4,5],[3,6,3,7],[5,0,15,0],[5,1,15,1],[16,0,16,7]]}
["公开询价报价表"]
["单位： 莆田市园林物业有限公司                    "]
["询  价  情  况"]
["序号","被询价单位及\n联系人、联系电话","物资名称","规格或型号","单位","数量","金额（元，含税、运费）"]
[{"$nulls":6},"单价      ","总价     "]
[1,null,"配线","RVV-2*4","米",4170,{"v":4,"d":"4.000"},{"$f":"F6*G6","v":16680}]
[null,null,"配线","YJV-3*4","米",8175,{"v":9.6,"d":"9.600"},78480]
[null,null,"开关电源","24v","个",722,{"v":40,"d":"40.000"},28880]
[null,null,"线管","DN25，PC塑料管","个",12000,{"v":1.8,"d":"1.800"},21600]
[null,null,"PVC给水弯头","直径25","个",1500,{"v":0.6,"d":"0.600"},900]
[null,null,"黑胶布","常规，电胶布","圈",1000,{"v":1,"d":"1.000"},1000]
[null,null,"超五类网络线","超五类非屏蔽网络线","米",800,{"v":1.6,"d":"1.600"},1280]
[null,null,"接线盒","86明装接线盒","个",500,{"v":1,"d":"1.000"},500]
[null,null,"塑料膨胀","6厘塑料膨胀","个",15000,{"v":0.02,"d":"0.020"},300]
[null,null,"pvc中卡","25PVC中卡","个",20000,{"v":0.3,"d":"0.300"},6000]
[null,null,"自攻螺丝","35*35自攻螺丝","个",50000,{"v":0.01,"d":"0.010"},500]
["合计：         元（含税、运费）"]

{"sheet":"Sheet4","index":3,"n_rows":17,"n_cols":8,"rows_kept":17,"merged":[[0,0,0,7],[1,0,1,7],[2,0,2,7],[3,0,4,0],[3,1,4,1],[3,2,4,2],[3,3,4,3],[3,4,4,4],[3,5,4,5],[3,6,3,7],[5,0,15,0],[5,1,15,1],[16,0,16,7]]}
["公开询价报价表"]
["单位： 莆田市园林物业有限公司                    "]
["询  价  情  况"]
["序号","被询价单位及\n联系人、联系电话","物资名称","规格或型号","单位","数量","金额（元，含税、运费）"]
[{"$nulls":6},"单价      ","总价     "]
[1,null,"配线","RVV-2*4","米",4170,{"v":7.1,"d":"7.100"},{"$f":"F6*G6","v":29607}]
[null,null,"配线","YJV-3*4","米",8175,{"v":11,"d":"11.000"},89925]
[null,null,"开关电源","24v","个",722,{"v":38,"d":"38.000"},27436]
[null,null,"线管","DN25，PC塑料管","个",12000,{"v":1.7,"d":"1.700"},20400]
[null,null,"PVC给水弯头","直径25","个",1500,{"v":0.4,"d":"0.400"},600]
[null,null,"黑胶布","常规，电胶布","圈",1000,{"v":1,"d":"1.000"},1000]
[null,null,"超五类网络线","超五类非屏蔽网络线","米",800,{"v":1.7,"d":"1.700"},1360]
[null,null,"接线盒","86明装接线盒","个",500,{"v":0.9,"d":"0.900"},450]
[null,null,"塑料膨胀","6厘塑料膨胀","个",15000,{"v":0.1,"d":"0.100"},1500]
[null,null,"pvc中卡","25PVC中卡","个",20000,{"v":0.15,"d":"0.150"},3000]
[null,null,"自攻螺丝","35*35自攻螺丝","个",50000,{"v":0.05,"d":"0.050"},2500]
["合计：         元（含税、运费）"]

{"sheet":"Sheet5","index":4,"n_rows":17,"n_cols":8,"rows_kept":17,"merged":[[0,0,0,7],[1,0,1,7],[2,0,2,7],[3,0,4,0],[3,1,4,1],[3,2,4,2],[3,3,4,3],[3,4,4,4],[3,5,4,5],[3,6,3,7],[5,0,15,0],[5,1,15,1],[16,0,16,7]]}
["公开询价报价表"]
["单位： 莆田市园林物业有限公司                    "]
["询  价  情  况"]
["序号","被询价单位及\n联系人、联系电话","物资名称","规格或型号","单位","数量","金额（元，含税、运费）"]
[{"$nulls":6},"单价      ","总价     "]
[1,null,"配线","RVV-2*4","米",4170,{"v":7.1,"d":"7.100"},{"$f":"F6*G6","v":29607}]
[null,null,"配线","YJV-3*4","米",8175,{"v":11.1,"d":"11.100"},{"v":90742.5,"d":"90743"}]
[null,null,"开关电源","24v","个",722,{"v":40,"d":"40.000"},28880]
[null,null,"线管","DN25，PC塑料管","个",12000,{"v":2,"d":"2.000"},24000]
[null,null,"PVC给水弯头","直径25","个",1500,{"v":0.5,"d":"0.500"},750]
[null,null,"黑胶布","常规，电胶布","圈",1000,{"v":1,"d":"1.000"},1000]
[null,null,"超五类网络线","超五类非屏蔽网络线","米",800,{"v":1.8,"d":"1.800"},1440]
[null,null,"接线盒","86明装接线盒","个",500,{"v":0.9,"d":"0.900"},450]
[null,null,"塑料膨胀","6厘塑料膨胀","个",15000,{"v":0.3,"d":"0.300"},4500]
[null,null,"pvc中卡","25PVC中卡","个",20000,{"v":0.4,"d":"0.400"},8000]
[null,null,"自攻螺丝","35*35自攻螺丝","个",50000,{"v":0.07,"d":"0.070"},3500]
["合计：         元（含税、运费）"]

{"sheet":"Sheet6","index":5,"n_rows":10,"n_cols":8,"rows_kept":10,"merged":[[0,0,0,7],[1,0,1,7],[2,0,2,7],[3,0,4,0],[3,1,4,1],[3,2,4,2],[3,3,4,3],[3,4,4,4],[3,5,4,5],[3,6,3,7],[9,0,9,7]]}
["公开询价报价表"]
["单位： 莆田市园林物业有限公司                    "]
["询  价  情  况"]
["序号","被询价单位及\n联系人、联系电话","物资名称","规格或型号","单位","数量","金额（元，含税、运费）"]
[{"$nulls":6},"单价      ","总价     "]
[1,null,"杉木","长4米，口径5cm-9cm，根据业主需求送货，24小时内必须送达，具体数量按实际结算",2000,"根"]
[]
[]
[]
["合计：         元（含税、运费）"]